Statistics for Country by City "W"

Click here to take the quiz!

General Stats

  • This quiz has been taken 85 times
  • The average score is 12 of 15

Answer Stats

CityCountry% Correct
WarsawPoland
100%
Washington DCUnited States
100%
WellingtonNew Zealand
99%
WinnipegCanada
97%
WolverhamptonUnited Kingdom
94%
WuhanChina
93%
WiesbadenGermany
92%
WakayamaJapan
87%
WollongongAustralia
85%
WindhoekNamibia
79%
WillemstadNetherlands
76%
WonjuSouth Korea
76%
WonsanNorth Korea
58%
WinterthurSwitzerland
52%
Wad MadaniSudan
28%

Score Distribution

Percentile by Number Answered

Percent of People with Each Score

Your Score History

You have not taken this quiz